1806 1602 1822 1006 1362 1941 1097 1641 1210 1823 1354 1753 1008 1205 1777 1457 1964 1243 1422 1988 1946 1682 1823 1171 1430 1539 1478 1688 1189 1639 1902 1548 1155 1650 1040 1360 1565 1029 1364 1419 1194 1577 1250 1159 1158 1406 1895 1926 1745 1627 1213 1773 1028 1165 1002 1186 1543 1870 1028 1233 1828 1247 1594 1773 1749 1124 1386 1740 1698 1808 1490 1897 1758 1828 1795 1973 1701 1345 1392 1633 1516 1102 1654 1317 1748 1052 1119 1271 1716 1663 1160 1133 1854 1155 1595 1386 1545 1012 1331 BCNSPRNW ULIB Ver.6.0+V

เปลี่ยนเป็นภาษาไทย

Change to English
 แสดงรายละเอียดบรรณานุกรม
  กลับหน้าหลัก

Brief Record : Get Marc (ISO 2709) : E-mail record : QR code < ปิดหน้าต่าง
LEADER : 00000nam 2200000uu 4500
001    13399129085
003     ULIB
008    250716s2565||||th 000 0 tha d
020    ^a9786165687317
060  4 ^aWM420^bน127ซ
100 0  ^aนงพงา ลิ้มสุวรรณ
245 1  ^aซาเทียร์ 2 : ^bการทำจิตบำบัดและการพัฒนาตนเอง = Change technics^c/ นงพงา ลิ้มสุวรรณ.
250    ^aพิมพ์ครั้งที่ 2.
260    ^aกรุงเทพฯ :^bภาควิชาจิตเวชศาสตร์ คณะแพทยศาสตร์ โรงพยาบาลรามาธิบดี มหาวิทยาลัยมหิดล,^c2565.
300    ^a285 หน้า :^bภาพประกอบ, แผนภูมิ.
505 0  ^aธรรมชาติของคน -- เป้าหมายของการบำบัดแนวซาเทียร์ -- Change techniques (เทคนิคการเปลี่ยนแปลง) -- วิธีรับมือกับคำพูดเชิงลบทุกชนิด -- วิธีฟัง วิธีพูด -- ขุมทรัพย์ภายใน (Internal resources) -- การใช้พุทธศาสนา หรือศาสนาอื่นๆ เป็น Change techniques -- การถามคำถามสำคัญของชีวิต -- ความสุข -- สุขนิสัยทางกาย สุขนิสัยทางใจ -- พัฒนาจิตใจ : จากอะไรไปสู่อะไร -- อะไรทำให้ใจเป็นทุกข์ -- การใช้คำคม สุภาษิต อุปมาอุปมัย และเกร็ดความรู้เป็น Change tecniques.
505 2  ^aธรรมชาติของคน -- เป้าหมายของการบำบัดแนวซาเทียร์ -- Change techniques (เทคนิคการเปลี่ยนแปลง) -- 18 วิธีรับมือกับคำพูดเชิงลบทุกชนิด -- วิธีฟัง วิธีพูด -- ขุมทรัพย์ภายใน (Internal resources) -- การใช้พุทธศาสนาหรือศาสนาอื่น ๆ เป็น Change Techniques -- การถามคำสำคัญของชีวิต -- ความสุข -- สุขนิสัยทางกาย สุขนิสัยทางใจ -- พัฒนาจิตใจ : จากอะไรไปสู่อะไร -- อะไรทำให้ใจเป็นทุกข์ -- การเกิดครั้งที่ 3 (The 3rd birth) -- การใช้คำคม สุภาษิต อุปมาอุปมัย -- เกร็ดความรู้ เป็น Change techniques.
650  4 ^aการพัฒนาตนเอง
650  4 ^aจิตบำบัด
650  4 ^aจิตเวชศาสตร์.
945    ^p340^l0^i011808
945    ^p340^l0^i011809
945    ^p340^l0^i011810
945    ^p340^l0^i011811
945    ^p340^l0^i011812
999    ^aประนอม เกษจรัล
รายการนี้ยังไม่มีแท็ก
คุณยังไม่ได้ล็อกอิน คุณสามารถมีกิจกรรมร่วมกับเว็บไซต์ได้ แต่ต้องล็อกอินก่อน ::
  ล็อกอิน

รายการสื่อสารสนเทศ

ลำดับที่ ประเภท เลขเรียก/บาร์โค้ด สถานที่ สถานะ
1. วิทยาศาสตร์การแพทย์ และสุขภาพ
หนังสือสำรอง
สถานะ=หนังสือสำรอง
WM420 น127ซ ฉ.1 
  Barcode: 011808
ห้องสมุดวิทยาเขตสวรรค์ประชารักษ์
►หนังสือทั่วไป
บนชั้น
2. วิทยาศาสตร์การแพทย์ และสุขภาพ
วิทยาศาสตร์การแพทย์ และสุขภาพ
WM420 น127ซ ฉ.2 
  Barcode: 011809
ห้องสมุดวิทยาเขตสวรรค์ประชารักษ์
►หนังสือทั่วไป
บนชั้น
3. วิทยาศาสตร์การแพทย์ และสุขภาพ
วิทยาศาสตร์การแพทย์ และสุขภาพ
WM420 น127ซ ฉ.3 
  Barcode: 011810
ห้องสมุดวิทยาเขตสวรรค์ประชารักษ์
►หนังสือทั่วไป
บนชั้น
4. วิทยาศาสตร์การแพทย์ และสุขภาพ
วิทยาศาสตร์การแพทย์ และสุขภาพ
WM420 น127ซ ฉ.4 
  Barcode: 011811
ห้องสมุดวิทยาเขตสวรรค์ประชารักษ์
►หนังสือทั่วไป
ถูกยืม กำหนดส่งวันที่ 23 มีนาคม 2569
  จอง
5. วิทยาศาสตร์การแพทย์ และสุขภาพ
วิทยาศาสตร์การแพทย์ และสุขภาพ
WM420 น127ซ ฉ.5 
  Barcode: 011812
ห้องสมุดวิทยาเขตสวรรค์ประชารักษ์
►หนังสือทั่วไป
บนชั้น

รายการใกล้เคียง
    หัวเรื่อง [การพัฒนาตนเอง]
    หัวเรื่อง [จิตบำบัด]
    หัวเรื่อง [จิตเวชศาสตร์.]

BibComment


ยังไม่เคยถูกคอมเมนท์

คอมเมนท์ทรัพยากรรายการนี้
  คอมเมนท์: ซาเทียร์ 2 การ..


 Copyright 2026. Bcnsprnw @Library